| 000 | 01335nam a22002777a 4500 | ||
|---|---|---|---|
| 999 |
_c14407 _d14407 |
||
| 003 | EG-ScBUE | ||
| 005 | 20201108121104.0 | ||
| 008 | 100706s1987 ua f b 000 0 eng d | ||
| 017 | _a1987/4173 | ||
| 020 | _a9770220671 | ||
| 040 |
_aEG-ScBUE _beng _erda _cEG-ScBUE _dEG-ScBUE |
||
| 082 | 0 | 4 |
_a892.71509 _bأ ب و _222 |
| 100 | 1 |
_aأبو الأنوار ، محمد، _eمؤلف. _915968 |
|
| 245 | 1 | 2 |
_aالحوار الأدبي حول الشعر : _bقضاياه الموضوعية ودلالاته الفكرية وأثاره الفنية من بداية القرن العشرين إلى قيام الحرب العالمية الثانية / _cتأليف الدكتور محمد أبو الأنوار، أستاذ ورئيس قسم الدراسات الأدبية بكلية دار العلوم-جامعة القاهرة. |
| 250 | _aالطبعة الثانية. | ||
| 264 | 1 |
_aالقاهرة : _bدار المعارف، _c1987. |
|
| 300 |
_a557 صفحة ؛ _c24 سم |
||
| 336 |
_2rdacontent _aنص _btxt |
||
| 337 |
_2rdamedia _aبدون وسيط _bn |
||
| 338 |
_2rdacarrier _aمجلد _bnc |
||
| 504 | _aيشتمل على إرجاعات ببليوجرافية. | ||
| 650 | 7 |
_aالشعر العربي _xتاريخ ونقد. _2BUEsh _913840 |
|
| 653 |
_bARALIT _cNovember2020 |
||
| 655 |
_vReading book _934232 |
||
| 942 |
_2ddc _cBB |
||